000 01710nam a2200409 a 4500
001 ebr10218398
003 CaPaEBR
006 m u
007 cr cn|||||||||
008 061204s2007 msua sb 001 0ceng
010 _z 2006100157
020 _z9781578069682 (cloth : alk. paper)
020 _z1578069688 (cloth : alk. paper)
040 _aCaPaEBR
_cCaPaEBR
035 _a(OCoLC)220862023
043 _an-us---
_an-usu--
_an-mx---
050 1 4 _aE467
_b.D688 2007eb
082 0 4 _a973.7/40922
_222
100 1 _aDougherty, Kevin.
245 1 0 _aCivil War leadership and Mexican War experience
_h[electronic resource] /
_cKevin Dougherty.
250 _a1st ed.
260 _aJackson :
_bUniversity Press of Mississippi,
_c2007.
300 _axi, 207 p. :
_bill.
504 _aIncludes bibliographical references (p. 195-201) and index.
533 _aElectronic reproduction.
_bPalo Alto, Calif. :
_cebrary,
_d2013.
_nAvailable via World Wide Web.
_nAccess may be limited to ebrary affiliated libraries.
610 1 0 _aUnited States.
_bArmy
_vBiography.
610 1 0 _aConfederate States of America.
_bArmy
_vBiography.
650 0 _aGenerals
_zUnited States
_vBiography.
650 0 _aGenerals
_zConfederate States of America
_vBiography.
650 0 _aCommand of troops
_vCase studies.
650 0 _aMexican War, 1846-1848
_xInfluence.
651 0 _aUnited States
_xHistory
_yCivil War, 1861-1865
_vBiography.
651 0 _aUnited States
_xHistory
_yCivil War, 1861-1865
_xCampaigns.
655 7 _aElectronic books.
_2local
710 2 _aebrary, Inc.
856 4 0 _uhttp://site.ebrary.com/lib/rucke/Doc?id=10218398
_zAn electronic book accessible through the World Wide Web; click to view
999 _c130044
_d130044